[Event "Liga Madrileña - DH 2018-2019"]
[Site "Madrid ESP"]
[Date "2019.01.13"]
[Round "5.3"]
[White "De la Orden Alcocer, Alejandro"]
[Black "Alarcia Astiz, Carlos"]
[Result "0-1"]
[WhiteElo "1972"]
[BlackElo "2287"]
[PlyCount "110"]
[EventDate "2018.11.18"]
[EventType "team-tourn"]
[EventRounds "14"]
[EventCountry "ESP"]
[SourceTitle "Ajedrez en Madrid"]
[Source "lmi"]
[SourceDate "2018.11.18"]
[SourceVersion "1"]
[SourceVersionDate "2019.04.02"]
[SourceQuality "1"]
[WhiteTeam "San Fernando de Henares"]
[BlackTeam "Blanco y Negro"]
[WhiteTeamCountry "ESP"]
[BlackTeamCountry "ESP"]

1. Nf3 Nf6 2. c4 b6 3. g3 Bb7 4. Bg2 g6 5. b3 Bg7 6. Bb2 O-O 7. d3 c5 8. Nbd2
Nc6 9. O-O Qc7 10. e4 e5 11. Nb1 Nd4 12. Nc3 d6 13. Ne2 Nd7 14. Nfxd4 exd4 15.
Nf4 Ne5 16. h3 Rae8 17. Nd5 Bxd5 18. cxd5 f5 19. f4 Nd7 20. Qc2 fxe4 21. Bxe4
Nf6 22. Rae1 Qd7 23. Qg2 Re7 24. Rf2 Rfe8 25. Rfe2 b5 26. Bf3 Rxe2 27. Rxe2
Rxe2 28. Qxe2 Qxh3 29. Kf2 h5 30. Qe6+ Qxe6 31. dxe6 d5 32. g4 hxg4 33. Be2 a5
34. Kg3 Kf8 35. Ba3 b4 36. Bb2 Ke7 37. Bxg4 Nxg4 38. Kxg4 Kxe6 39. Kg5 Kf7 40.
Bc1 Bf6+ 41. Kg4 Ke6 42. Bd2 c4 43. dxc4 dxc4 44. bxc4 d3 45. Kf3 Bc3 46. Ke3
Bxd2+ 47. Kxd2 Kd6 48. Kxd3 Kc5 49. Ke4 Kxc4 50. Ke5 a4 51. Kf6 b3 52. axb3+
axb3 53. Kxg6 b2 54. Kf6 b1=Q 55. Ke6 Qe4+ 0-1

[Event "Liga Madrileña - DH 2018-2019"]
[Site "Madrid ESP"]
[Date "2019.01.13"]
[Round "5.4"]
[White "Renteria Becerra, Jorge Elicer"]
[Black "Lucas Quintans, Carlos"]
[Result "1-0"]
[WhiteElo "2227"]
[BlackElo "1938"]
[PlyCount "105"]
[EventDate "2018.11.18"]
[EventType "team-tourn"]
[EventRounds "14"]
[EventCountry "ESP"]
[SourceTitle "Ajedrez en Madrid"]
[Source "lmi"]
[SourceDate "2018.11.18"]
[SourceVersion "1"]
[SourceVersionDate "2019.04.02"]
[SourceQuality "1"]
[WhiteTeam "Blanco y Negro"]
[BlackTeam "San Fernando de Henares"]
[WhiteTeamCountry "ESP"]
[BlackTeamCountry "ESP"]

1. e4 c5 2. Nf3 Nc6 3. d4 cxd4 4. Nxd4 e5 5. Nb5 a6 6. Nd6+ Bxd6 7. Qxd6 Qf6 8.
Qxf6 Nxf6 9. f3 d5 10. Bg5 dxe4 11. Bxf6 gxf6 12. fxe4 f5 13. Nc3 fxe4 14. Nxe4
f5 15. Nd6+ Ke7 16. Nxc8+ Raxc8 17. c3 Rhd8 18. Be2 e4 19. Rf1 Rf8 20. g3 Ne5
21. Rd1 Ke6 22. Kd2 Rcd8+ 23. Ke3 Rxd1 24. Rxd1 h5 25. Kf4 Rh8 26. c4 h4 27. c5
hxg3 28. hxg3 Ng6+ 29. Kg5 Ne7 30. Bc4+ Ke5 31. Rd7 Rh7 32. Rxb7 e3 33. b4 Rg7+
34. Kh6 Rg6+ 35. Kh7 Re6 36. Bxe6 Kxe6 37. Rb6+ Ke5 38. Kg7 Nd5 39. Rb8 Nf6 40.
c6 e2 41. c7 e1=Q 42. c8=Q Qxg3+ 43. Kf7 Nd5 44. Qc5 Qd3 45. Rd8 f4 46. Qd6+
Ke4 47. Qg6+ Ke3 48. Qxd3+ Kxd3 49. Rxd5+ Kc4 50. Rf5 Kxb4 51. Rxf4+ Ka3 52.
Ke6 a5 53. Rf2 1-0

[Event "Liga Madrileña - DH 2018-2019"]
[Site "Madrid ESP"]
[Date "2019.01.13"]
[Round "5.5"]
[White "Rodriguez Lopez, Ruben"]
[Black "Beltran de Heredia Eguiaz, Miguel Angel"]
[Result "0-1"]
[WhiteElo "1849"]
[BlackElo "2230"]
[PlyCount "92"]
[EventDate "2018.11.18"]
[EventType "team-tourn"]
[EventRounds "14"]
[EventCountry "ESP"]
[SourceTitle "Ajedrez en Madrid"]
[Source "lmi"]
[SourceDate "2018.11.18"]
[SourceVersion "1"]
[SourceVersionDate "2019.04.02"]
[SourceQuality "1"]
[WhiteTeam "San Fernando de Henares"]
[BlackTeam "Blanco y Negro"]
[WhiteTeamCountry "ESP"]
[BlackTeamCountry "ESP"]

1. g4 e5 2. Nf3 Nc6 3. d3 d5 4. h3 Bc5 5. c3 Bb6 6. Bg2 Nge7 7. b4 a6 8. Bb2
Ng6 9. e3 Be6 10. a3 Nh4 11. Nxh4 Qxh4 12. Qe2 O-O-O 13. Nd2 h5 14. gxh5 Rxh5
15. O-O-O Rf5 16. Rdf1 Ba7 17. c4 dxc4 18. dxc4 e4 19. Nxe4 Ne5 20. Bxe5 Rxe5
21. f4 Rxe4 22. Bxe4 Qf6 23. Kc2 Re8 24. Rd1 Bd7 25. Rxd7 Kxd7 26. Qd3+ Ke7 27.
Bxb7 Kf8 28. c5 Rd8 29. Qe4 Qh4 30. Rh2 Qe1 31. Bd5 c6 32. Bc4 Rd1 33. Kb3 Rc1
34. Ka4 a5 35. Qxc6 Rxc4 36. Qa8+ Ke7 37. Qxa7+ Ke6 38. Qb6+ Kf5 39. Kxa5 Qxe3
40. Qc7 Qxa3+ 41. Kb6 Rxb4+ 42. Kc6 Qa8+ 43. Kd6 Rd4+ 44. Ke7 Re4+ 45. Kd6 Re6+
46. Kd7 Qe8# 0-1

[Event "Liga Madrileña - DH 2018-2019"]
[Site "Madrid ESP"]
[Date "2019.01.13"]
[Round "5.6"]
[White "Alba Linero, Emilio"]
[Black "Lopez Amoriz, Victor"]
[Result "1-0"]
[WhiteElo "2161"]
[BlackElo "1751"]
[PlyCount "119"]
[EventDate "2018.11.18"]
[EventType "team-tourn"]
[EventRounds "14"]
[EventCountry "ESP"]
[SourceTitle "Ajedrez en Madrid"]
[Source "lmi"]
[SourceDate "2018.11.18"]
[SourceVersion "1"]
[SourceVersionDate "2019.04.02"]
[SourceQuality "1"]
[WhiteTeam "Blanco y Negro"]
[BlackTeam "San Fernando de Henares"]
[WhiteTeamCountry "ESP"]
[BlackTeamCountry "ESP"]

1. e4 c5 2. Nf3 Nc6 3. g3 e5 4. d3 Nf6 5. Bg2 Be7 6. O-O O-O 7. Nbd2 d6 8. c3
Qc7 9. Nh4 Rb8 10. Qe1 b5 11. f4 b4 12. f5 Ba6 13. c4 Nd4 14. Qd1 Nd7 15. Ndf3
Qd8 16. Bh3 Bf6 17. Rf2 Qe7 18. Ng2 Nxf3+ 19. Rxf3 Bg5 20. Bxg5 Qxg5 21. Qa4
Bc8 22. Qxa7 Qd2 23. Raf1 Qxb2 24. Ne3 Rb7 25. Qa4 b3 26. axb3 Qxb3 27. Qxb3
Rxb3 28. Nd5 Nf6 29. Nc7 Bd7 30. Kg2 Rc8 31. Nd5 Nxd5 32. exd5 Rcb8 33. f6
Bxh3+ 34. Kxh3 g6 35. Ra1 h5 36. Re3 Rb2 37. Ra6 R2b6 38. Ra7 R8b7 39. Rxb7
Rxb7 40. Kh4 Rb3 41. Kg5 Kh7 42. h3 Rc3 43. g4 hxg4 44. hxg4 Rb3 45. Rh3+ Kg8
46. Rh1 Rxd3 47. Ra1 Rc3 48. Ra6 e4 49. Rxd6 Kh7 50. Rd7 Kg8 51. Rd8+ Kh7 52.
Rf8 Rxc4 53. Rxf7+ Kg8 54. Re7 e3 55. Rxe3 Kf8 56. Re7 Rd4 57. d6 Rxd6 58. Kxg6
Rc6 59. Ra7 Ke8 60. Kg7 1-0

[Event "Liga Madrileña - DH 2018-2019"]
[Site "Madrid ESP"]
[Date "2019.01.13"]
[Round "5.1"]
[White "Vazquez Igarza, Renier"]
[Black "Valles Moreno, Ivan"]
[Result "1-0"]
[WhiteElo "2567"]
[BlackElo "2416"]
[PlyCount "61"]
[EventDate "2018.11.18"]
[EventType "team-tourn"]
[EventRounds "14"]
[EventCountry "ESP"]
[SourceTitle "Ajedrez en Madrid"]
[Source "lmi"]
[SourceDate "2018.11.18"]
[SourceVersion "1"]
[SourceVersionDate "2019.04.02"]
[SourceQuality "1"]
[WhiteTeam "Collado Villalba"]
[BlackTeam "Liberty Chess"]
[WhiteTeamCountry "ESP"]
[BlackTeamCountry "ESP"]

1. Nf3 f5 2. d4 Nf6 3. Bg5 e6 4. g3 Be7 5. Bg2 O-O 6. O-O h6 7. Bc1 Ne4 8. c4
Bf6 9. Nc3 Nxc3 10. bxc3 d6 11. Rb1 e5 12. dxe5 dxe5 13. Ba3 Re8 14. e4 Nc6 15.
exf5 Bxf5 16. Rxb7 Bd3 17. Nd4 Bxf1 18. Bd5+ Qxd5 19. cxd5 Ba6 20. Rxc7 exd4
21. Rxc6 Be2 22. Qc1 Bg4 23. Qf1 Bf3 24. cxd4 Bxd4 25. d6 Re2 26. d7 Rd8 27.
Rc8 Bb6 28. Qxe2 Bxe2 29. Be7 Bg4 30. Bxd8 Bxd7 31. Rb8 1-0

[Event "Liga Madrileña - DH 2018-2019"]
[Site "Madrid ESP"]
[Date "2018.12.16"]
[Round "5.2"]
[White "Garcia Cuenca, Victor Manuel"]
[Black "Moreno Ruiz, Javier"]
[Result "0-1"]
[WhiteElo "2337"]
[BlackElo "2452"]
[PlyCount "90"]
[EventDate "2018.11.18"]
[EventType "team-tourn"]
[EventRounds "14"]
[EventCountry "ESP"]
[SourceTitle "Ajedrez en Madrid"]
[Source "lmi"]
[SourceDate "2018.11.18"]
[SourceVersion "1"]
[SourceVersionDate "2019.04.02"]
[SourceQuality "1"]
[WhiteTeam "Liberty Chess"]
[BlackTeam "Collado Villalba"]
[WhiteTeamCountry "ESP"]
[BlackTeamCountry "ESP"]

1. d4 Nf6 2. c4 e6 3. Nc3 Bb4 4. e3 b6 5. Bd3 Bb7 6. Nf3 O-O 7. O-O Bxc3 8.
bxc3 c5 9. a4 Ne4 10. Qc2 f5 11. a5 d6 12. Ne1 Nd7 13. f3 Ng5 14. a6 Bc8 15. f4
Nf7 16. e4 Nf6 17. exf5 exf5 18. Bxf5 Bxf5 19. Qxf5 Re8 20. Qd3 Qe7 21. Nc2 Qe4
22. Qxe4 Rxe4 23. Be3 Rae8 24. Rae1 Nd8 25. h3 h5 26. Kf2 Nc6 27. Kf3 Na5 28.
Na3 cxd4 29. cxd4 d5 30. c5 bxc5 31. dxc5 Nb3 32. c6 d4 33. Bf2 Nd2+ 34. Kg3
Nxf1+ 35. Rxf1 h4+ 36. Kh2 Rxf4 37. c7 Rc8 38. Nb5 Nd5 39. Kg1 Nc3 40. Nxd4
Rxd4 41. Bxd4 Ne2+ 42. Kf2 Nxd4 43. Rb1 Rxc7 44. Rb7 Rxb7 45. axb7 Nc6 0-1

[Event "Liga Madrileña - DH 2018-2019"]
[Site "Madrid ESP"]
[Date "2019.01.13"]
[Round "5.3"]
[White "Suarez Uriel, Adrian"]
[Black "Fernandez Garcia, Miguel Angel"]
[Result "1-0"]
[WhiteElo "2391"]
[BlackElo "2306"]
[PlyCount "115"]
[EventDate "2018.11.18"]
[EventType "team-tourn"]
[EventRounds "14"]
[EventCountry "ESP"]
[SourceTitle "Ajedrez en Madrid"]
[Source "lmi"]
[SourceDate "2018.11.18"]
[SourceVersion "1"]
[SourceVersionDate "2019.04.02"]
[SourceQuality "1"]
[WhiteTeam "Collado Villalba"]
[BlackTeam "Liberty Chess"]
[WhiteTeamCountry "ESP"]
[BlackTeamCountry "ESP"]

1. e4 c5 2. Nf3 Nc6 3. d4 cxd4 4. Nxd4 e5 5. Nb5 d6 6. N1c3 a6 7. Na3 b5 8. Nd5
Nf6 9. Bg5 Be7 10. Bxf6 Bxf6 11. c3 Bg5 12. Nc2 O-O 13. h4 Bh6 14. g4 Bf4 15.
Qf3 Be6 16. Nxf4 Qf6 17. g5 Qxf4 18. Qxf4 exf4 19. Nd4 Nxd4 20. cxd4 Rac8 21.
Kd2 f6 22. Bd3 Bd7 23. Rac1 Kf7 24. Rcg1 Kg8 25. h5 fxg5 26. Rxg5 Be6 27. Rhg1
Rc7 28. h6 g6 29. Rxg6+ hxg6 30. Rxg6+ Kh8 31. Rxe6 Rd7 32. Bf1 Kg8 33. Bh3 Kf7
34. Bf5 Rdd8 35. d5 Rg8 36. h7 Rgf8 37. Ke2 Kg7 38. Kf3 Rf6 39. Re7+ Rf7 40.
Rxf7+ Kxf7 41. Kxf4 Kf6 42. Kg4 b4 43. f4 a5 44. Kh5 Kg7 45. b3 Re8 46. Kg5 Rd8
47. Bg6 a4 48. bxa4 Ra8 49. f5 Rxa4 50. f6+ Kh8 51. f7 Ra8 52. Kf6 Rb8 53. Bf5
b3 54. axb3 Rd8 55. Bd7 Rf8 56. Ke7 Kg7 57. Be8 Rh8 58. b4 1-0

[Event "Liga Madrileña - DH 2018-2019"]
[Site "Madrid ESP"]
[Date "2019.01.13"]
[Round "5.4"]
[White "Sanchez Gonzalez, Sergio"]
[Black "Martin Duque, Jesus"]
[Result "1/2-1/2"]
[WhiteElo "2286"]
[BlackElo "2365"]
[PlyCount "115"]
[EventDate "2018.11.18"]
[EventType "team-tourn"]
[EventRounds "14"]
[EventCountry "ESP"]
[SourceTitle "Ajedrez en Madrid"]
[Source "lmi"]
[SourceDate "2018.11.18"]
[SourceVersion "1"]
[SourceVersionDate "2019.04.02"]
[SourceQuality "1"]
[WhiteTeam "Liberty Chess"]
[BlackTeam "Collado Villalba"]
[WhiteTeamCountry "ESP"]
[BlackTeamCountry "ESP"]

1. c4 e6 2. g3 d5 3. Bg2 Nf6 4. Nf3 Be7 5. O-O O-O 6. d4 dxc4 7. Qc2 a6 8. Qxc4
b5 9. Qc2 Bb7 10. Bd2 Be4 11. Qc1 Bb7 12. Rd1 Bd6 13. a3 Nbd7 14. Ba5 Qb8 15.
Nbd2 Rc8 16. b4 Nb6 17. Qc2 h6 18. e4 Nfd7 19. Rac1 Be7 20. Bf1 Bd8 21. Nb3 Ra7
22. Nc5 Ba8 23. Ne5 Nf8 24. Qa2 Bf6 25. f4 Rd8 26. f5 Bxe5 27. dxe5 Rxd1 28.
Rxd1 Qe8 29. fxe6 Nxe6 30. Nxe6 Qxe6 31. Rd8+ Kh7 32. Qxe6 fxe6 33. Bxb6 cxb6
34. Bd3 Bc6 35. Rd6 Rd7 36. Rxc6 Rxd3 37. Rxe6 Rxa3 38. Rxb6 Re3 39. Rxa6 Rxe4
40. Re6 Rxb4 41. Kf2 Kg8 42. Kf3 Kf7 43. Rb6 Rb1 44. Ke4 Re1+ 45. Kd5 Rd1+ 46.
Kc6 Rc1+ 47. Kd7 Rd1+ 48. Rd6 Rxd6+ 49. exd6 b4 50. Kc8 b3 51. d7 b2 52. d8=Q
b1=Q 53. Qd5+ Kg6 54. Qe6+ Kh7 55. Kd7 Qc2 56. Ke7 Qc7+ 57. Kf8 Qd8+ 58. Qe8
1/2-1/2

[Event "Liga Madrileña - DH 2018-2019"]
[Site "Madrid ESP"]
[Date "2019.01.13"]
[Round "5.5"]
[White "Quispe Arteaga, Gabriel"]
[Black "Moreno Ibañez, Miguel"]
[Result "1-0"]
[WhiteElo "2362"]
[BlackElo "2275"]
[PlyCount "77"]
[EventDate "2018.11.18"]
[EventType "team-tourn"]
[EventRounds "14"]
[EventCountry "ESP"]
[SourceTitle "Ajedrez en Madrid"]
[Source "lmi"]
[SourceDate "2018.11.18"]
[SourceVersion "1"]
[SourceVersionDate "2019.04.02"]
[SourceQuality "1"]
[WhiteTeam "Collado Villalba"]
[BlackTeam "Liberty Chess"]
[WhiteTeamCountry "ESP"]
[BlackTeamCountry "ESP"]

1. Nf3 d6 2. d4 f5 3. c4 Nf6 4. Nc3 e6 5. g3 Be7 6. Bg2 O-O 7. O-O a5 8. Qb3
Qe8 9. Bg5 a4 10. Qc2 Nc6 11. Rad1 Qh5 12. a3 e5 13. dxe5 dxe5 14. Nd5 Bd8 15.
Bxf6 gxf6 16. e3 Kh8 17. Nh4 f4 18. Bf3 Qh6 19. Nf5 Qh3 20. Be4 f3 21. Nh4 f5
22. Bxf3 Bxh4 23. Bg2 Qg4 24. f3 Qg7 25. gxh4 Nd8 26. Kh1 Ra6 27. Rg1 Rg6 28.
h5 Rg5 29. f4 Rg4 30. Bf3 c6 31. Bxg4 fxg4 32. Nb6 Be6 33. Rgf1 g3 34. f5 Bf7
35. Qg2 Bxh5 36. Rd2 Rg8 37. Qxg3 Qc7 38. Qh4 Qf7 39. Rd7 1-0

[Event "Liga Madrileña - DH 2018-2019"]
[Site "Madrid ESP"]
[Date "2019.01.13"]
[Round "5.6"]
[White "Perez Gonzalez, Jose Manuel"]
[Black "Ortega Ruiz, Jose Miguel"]
[Result "1-0"]
[WhiteElo "2224"]
[BlackElo "2302"]
[PlyCount "79"]
[EventDate "2018.11.18"]
[EventType "team-tourn"]
[EventRounds "14"]
[EventCountry "ESP"]
[SourceTitle "Ajedrez en Madrid"]
[Source "lmi"]
[SourceDate "2018.11.18"]
[SourceVersion "1"]
[SourceVersionDate "2019.04.02"]
[SourceQuality "1"]
[WhiteTeam "Liberty Chess"]
[BlackTeam "Collado Villalba"]
[WhiteTeamCountry "ESP"]
[BlackTeamCountry "ESP"]

1. e4 e5 2. Nf3 Nc6 3. Bc4 Nf6 4. d4 exd4 5. e5 d5 6. Bb5 Nd7 7. O-O Be7 8.
Bxc6 bxc6 9. Nxd4 Nb8 10. Nc3 c5 11. Ndb5 c6 12. Nd6+ Bxd6 13. exd6 Qxd6 14.
Re1+ Be6 15. Ne4 Qe7 16. Bg5 f6 17. Nxc5 Qxc5 18. Rxe6+ Kf7 19. Rxf6+ gxf6 20.
Qh5+ Ke7 21. Re1+ Kd7 22. Bxf6 Rf8 23. Qg4+ Kc7 24. Qg3+ Kb7 25. Qg7+ Ka6 26.
Bd4 Qd6 27. Re7 c5 28. Qxf8 Nd7 29. Qf7 Nb6 30. Re6 Qd8 31. Bxc5 Qg5 32. Be3
Qg4 33. h3 Qd1+ 34. Kh2 Qxc2 35. Rd6 Qxb2 36. Qxd5 Re8 37. a4 Qb4 38. Qd3+ Kb7
39. Bxb6 axb6 40. Rd7+ 1-0

[Event "Liga Madrileña - DH 2018-2019"]
[Site "Madrid ESP"]
[Date "2019.01.19"]
[Round "6.1"]
[White "Pulvett Marin, Daniel Eduardo"]
[Black "Reyes Larena, Juan"]
[Result "1/2-1/2"]
[WhiteElo "2468"]
[BlackElo "2446"]
[PlyCount "35"]
[EventDate "2018.11.18"]
[EventType "team-tourn"]
[EventRounds "14"]
[EventCountry "ESP"]
[SourceTitle "Ajedrez en Madrid"]
[Source "lmi"]
[SourceDate "2018.11.18"]
[SourceVersion "1"]
[SourceVersionDate "2019.04.02"]
[SourceQuality "1"]
[WhiteTeam "64 Villalba"]
[BlackTeam "San Sebastian de los Reyes"]
[WhiteTeamCountry "ESP"]
[BlackTeamCountry "ESP"]

1. d4 Nf6 2. c4 g6 3. Nc3 Bg7 4. e4 d6 5. h3 O-O 6. Be3 Na6 7. Bd3 c6 8. Nge2
e5 9. d5 cxd5 10. cxd5 Nc5 11. Bc2 a5 12. O-O Bd7 13. a4 Qb6 14. Rb1 Ne8 15.
Kh1 Nc7 16. b3 N7a6 17. Bd3 Qd8 18. Bb5 1/2-1/2

[Event "Liga Madrileña - DH 2018-2019"]
[Site "Madrid ESP"]
[Date "2019.01.19"]
[Round "6.2"]
[White "Reyes Peñas, Sebastian"]
[Black "Ruperez Benito, Antonio"]
[Result "1/2-1/2"]
[WhiteElo "2180"]
[BlackElo "2350"]
[PlyCount "42"]
[EventDate "2018.11.18"]
[EventType "team-tourn"]
[EventRounds "14"]
[EventCountry "ESP"]
[SourceTitle "Ajedrez en Madrid"]
[Source "lmi"]
[SourceDate "2018.11.18"]
[SourceVersion "1"]
[SourceVersionDate "2019.04.02"]
[SourceQuality "1"]
[WhiteTeam "San Sebastian de los Reyes"]
[BlackTeam "64 Villalba"]
[WhiteTeamCountry "ESP"]
[BlackTeamCountry "ESP"]

1. e4 e6 2. d4 d5 3. Nc3 Bb4 4. Nge2 dxe4 5. a3 Bxc3+ 6. Nxc3 Nc6 7. d5 exd5 8.
Qxd5 Be6 9. Qxe4 Nf6 10. Qa4 Qd4 11. Bb5 Qxa4 12. Bxa4 O-O-O 13. Bxc6 bxc6 14.
O-O Bf5 15. Be3 Kb8 16. Rac1 Rhe8 17. h3 Nd5 18. Nxd5 cxd5 19. Rfd1 Re4 20. Rd4
Rd6 21. c4 dxc4 1/2-1/2

[Event "Liga Madrileña - DH 2018-2019"]
[Site "Madrid ESP"]
[Date "2019.01.19"]
[Round "6.3"]
[White "Vega Gomez, Francisco Borja"]
[Black "Alfaya Marcelo, Roberto"]
[Result "0-1"]
[WhiteElo "2284"]
[BlackElo "2135"]
[PlyCount "120"]
[EventDate "2018.11.18"]
[EventType "team-tourn"]
[EventRounds "14"]
[EventCountry "ESP"]
[SourceTitle "Ajedrez en Madrid"]
[Source "lmi"]
[SourceDate "2018.11.18"]
[SourceVersion "1"]
[SourceVersionDate "2019.04.02"]
[SourceQuality "1"]
[WhiteTeam "64 Villalba"]
[BlackTeam "San Sebastian de los Reyes"]
[WhiteTeamCountry "ESP"]
[BlackTeamCountry "ESP"]

1. Nf3 c5 2. g3 b6 3. Bg2 Bb7 4. O-O Nf6 5. c4 e6 6. Nc3 Be7 7. Re1 d6 8. e4 a6
9. d4 cxd4 10. Nxd4 Qc7 11. Qa4+ Nbd7 12. Nd5 exd5 13. exd5 b5 14. cxb5 Nb6 15.
Qa5 O-O 16. Nf5 Bd8 17. Bf4 Qd7 18. Bh3 Qxb5 19. Qd2 Qxd5 20. Qxd5 Nbxd5 21.
Bxd6 Re8 22. Be5 Ba5 23. b4 Bxb4 24. Re2 a5 25. Bg2 Ba6 26. a3 Bxe2 27. Bxf6
Nxf6 28. axb4 Ra7 29. bxa5 Bd3 30. Nd4 Be4 31. Bf1 Rd8 32. Nb5 Rad7 33. Nc3 Ba8
34. Ra4 Rd4 35. Ra3 Ne4 36. Nb5 Rd1 37. Nc7 Nd2 38. Nxa8 Rxa8 39. Rd3 Rxf1+ 40.
Kg2 Rd1 41. a6 g6 42. Rd6 Kf8 43. h4 Ke7 44. Rd3 Rxa6 45. g4 Rd6 46. Re3+ Kf6
47. g5+ Kg7 48. h5 gxh5 49. f4 Nc4 50. Re7 Re6 51. f5 Rxe7 52. f6+ Kf8 53.
fxe7+ Kxe7 54. Kg3 Ke6 55. Kh4 Kf5 56. g6 Kf4 57. Kh3 Ne3 58. Kh2 Rd2+ 59. Kh3
Nf1 60. gxf7 Rh2# 0-1

[Event "Liga Madrileña - DH 2018-2019"]
[Site "Madrid ESP"]
[Date "2019.01.19"]
[Round "6.4"]
[White "Gonzalez Tedin, Antonio"]
[Black "Longa Yauca, Javier"]
[Result "1-0"]
[WhiteElo "2136"]
[BlackElo "2226"]
[PlyCount "117"]
[EventDate "2018.11.18"]
[EventType "team-tourn"]
[EventRounds "14"]
[EventCountry "ESP"]
[SourceTitle "Ajedrez en Madrid"]
[Source "lmi"]
[SourceDate "2018.11.18"]
[SourceVersion "1"]
[SourceVersionDate "2019.04.02"]
[SourceQuality "1"]
[WhiteTeam "San Sebastian de los Reyes"]
[BlackTeam "64 Villalba"]
[WhiteTeamCountry "ESP"]
[BlackTeamCountry "ESP"]

1. c4 Nf6 2. Nc3 e6 3. e4 d6 4. d4 Nbd7 5. Be3 e5 6. d5 Nc5 7. f3 a5 8. Nge2
Bd7 9. Qd2 a4 10. Nc1 g6 11. Nd3 b6 12. Nb4 Bg7 13. Be2 O-O 14. g4 Ne8 15. g5
f5 16. h4 Rf7 17. O-O-O Ra5 18. Kb1 Qa8 19. Kc2 Bf8 20. h5 f4 21. hxg6 hxg6 22.
Bxc5 Rxc5 23. Bf1 Qa5 24. Qh2 Rg7 25. a3 Qa8 26. Kb1 Be7 27. Nd3 Ra5 28. Bh3
Qc8 29. Rdg1 Bxh3 30. Qxh3 Qxh3 31. Rxh3 Rh7 32. Rxh7 Kxh7 33. Nb4 Bf8 34. Nb5
Ra8 35. Nc6 Rc8 36. Kc2 Ng7 37. Kc3 Nh5 38. Kb4 Kg7 39. Kxa4 Kf7 40. Nba7 Ra8
41. Kb5 Be7 42. Nxe7 Kxe7 43. Nc6+ Kd7 44. Rh1 Kc8 45. Ne7+ Kb7 46. Nxg6 Ng3
47. Rh8 Rxh8 48. Nxh8 Nxe4 49. Nf7 Ng3 50. g6 Nf5 51. Ng5 Kc8 52. b4 Kd7 53. c5
bxc5 54. bxc5 Ke7 55. a4 Kf6 56. Ne4+ Kxg6 57. a5 Ne7 58. a6 Nc8 59. cxd6 1-0

[Event "Liga Madrileña - DH 2018-2019"]
[Site "Madrid ESP"]
[Date "2019.01.19"]
[Round "6.5"]
[White "Rottenwohrer Suarez, Juan"]
[Black "Hernandez Ramos, David"]
[Result "1-0"]
[WhiteElo "2213"]
[BlackElo "2091"]
[PlyCount "87"]
[EventDate "2018.11.18"]
[EventType "team-tourn"]
[EventRounds "14"]
[EventCountry "ESP"]
[SourceTitle "Ajedrez en Madrid"]
[Source "lmi"]
[SourceDate "2018.11.18"]
[SourceVersion "1"]
[SourceVersionDate "2019.04.02"]
[SourceQuality "1"]
[WhiteTeam "64 Villalba"]
[BlackTeam "San Sebastian de los Reyes"]
[WhiteTeamCountry "ESP"]
[BlackTeamCountry "ESP"]

1. d4 Nf6 2. c4 e6 3. Nc3 Bb4 4. Qc2 b6 5. e4 c5 6. e5 cxd4 7. a3 Bxc3+ 8. bxc3
Ng8 9. cxd4 Bb7 10. Bb2 Ne7 11. Ne2 Nbc6 12. Ng3 O-O 13. Bd3 h6 14. O-O Rc8 15.
Qe2 Ng6 16. f4 Qh4 17. d5 Na5 18. f5 Ne7 19. f6 gxf6 20. Nh5 f5 21. Rf4 Qg5 22.
h4 Qg6 23. Rg4 fxg4 24. Bxg6 fxg6 25. Nf6+ Kg7 26. Rc1 Nxc4 27. Nxd7 Nxb2 28.
Qxb2 Rxc1+ 29. Qxc1 Rc8 30. Qf4 Nxd5 31. Qxg4 Rc6 32. h5 g5 33. Qf3 Rc8 34. Qe4
Kf7 35. Qg6+ Ke7 36. Qg7+ Kd8 37. Nf8 Rc1+ 38. Kh2 Ne7 39. Nxe6+ Kd7 40. Nf8+
Kd8 41. Ng6 Nxg6 42. hxg6 Kc8 43. Qf8+ Kc7 44. g7 1-0

[Event "Liga Madrileña - DH 2018-2019"]
[Site "Madrid ESP"]
[Date "2019.01.19"]
[Round "6.6"]
[White "Anton Quevedo, Andrea"]
[Black "Garcia Guitian, Angel"]
[Result "1/2-1/2"]
[WhiteElo "1874"]
[BlackElo "1765"]
[PlyCount "56"]
[EventDate "2018.11.18"]
[EventType "team-tourn"]
[EventRounds "14"]
[EventCountry "ESP"]
[SourceTitle "Ajedrez en Madrid"]
[Source "lmi"]
[SourceDate "2018.11.18"]
[SourceVersion "1"]
[SourceVersionDate "2019.04.02"]
[SourceQuality "1"]
[WhiteTeam "San Sebastian de los Reyes"]
[BlackTeam "64 Villalba"]
[WhiteTeamCountry "ESP"]
[BlackTeamCountry "ESP"]

1. e4 c5 2. Nf3 d6 3. d4 cxd4 4. Nxd4 Nf6 5. Nc3 g6 6. Be3 Bg7 7. Be2 O-O 8.
O-O Nc6 9. Qd2 Ng4 10. Bxg4 Bxg4 11. f3 Bd7 12. Rad1 Ne5 13. Qe2 Rc8 14. Kh1
Qa5 15. Nb3 Qd8 16. Nd5 b6 17. Bd4 e6 18. Ne3 Qc7 19. f4 Nc4 20. Bxg7 Kxg7 21.
c3 Nxe3 22. Qxe3 Kg8 23. f5 exf5 24. exf5 Bxf5 25. Rxf5 gxf5 26. Qg5+ Kh8 27.
Qf6+ Kg8 28. Qg5+ Kh8 1/2-1/2

[Event "Liga Madrileña - DH 2018-2019"]
[Site "Madrid ESP"]
[Date "2019.01.20"]
[Round "6.1"]
[White "Vallejo Diaz, Javier"]
[Black "Fernandez Blazquez, Diego"]
[Result "1/2-1/2"]
[WhiteElo "2382"]
[BlackElo "2248"]
[PlyCount "35"]
[EventDate "2018.11.18"]
[EventType "team-tourn"]
[EventRounds "14"]
[EventCountry "ESP"]
[SourceTitle "Ajedrez en Madrid"]
[Source "lmi"]
[SourceDate "2018.11.18"]
[SourceVersion "1"]
[SourceVersionDate "2019.04.02"]
[SourceQuality "1"]
[WhiteTeam "Alcorcon"]
[BlackTeam "San Fernando de Henares"]
[WhiteTeamCountry "ESP"]
[BlackTeamCountry "ESP"]

1. e4 c5 2. Nf3 d6 3. c3 Nf6 4. h3 g6 5. d3 Bg7 6. g3 O-O 7. Bg2 Nc6 8. O-O Rb8
9. a4 a6 10. Be3 b5 11. axb5 axb5 12. Nbd2 b4 13. Qc2 Bd7 14. Nc4 Qc7 15. Bf4
Nh5 16. Be3 Nf6 17. Bf4 Nh5 18. Be3 1/2-1/2